000 00789nam a22002657a 4500
003 DO-SdBNP
005 20230526140234.0
007 ta
008 230526b1977 sp ||||| |||| 00| 0 spa d
020 _a8423913155
040 _aDO-SdBNP
_cBNPHU
_erda
_bspa
082 4 _a862.62
_222
100 1 _aValle-Inclán, Ramón del,
_d1866-1936.
_93325
_eautor
245 1 0 _aTablado de marionetas :
_bpara educación de príncipes /
_cRamón del Valle-Inclán
250 _a3a ed.
264 _aMadrid :
_bEspasa Calpe,
_c1977.
300 _a330 páginas ;
_c21 cm.
336 _2rdacontent
_atexto
_btxt
337 _2rdamedia
_asin mediación
_bn
338 _2rdacarrier
_avolumen
_bnc
490 _aAustral
_v1315
590 _aInventariado, 2023/BT
910 _aBtavárez
942 _2ddc
_cLBS1
999 _c53628
_d53628